[Event "It (open)"]
[Site "masterchessopen.com Gent (Belgium)"]
[Round "5"]
[White "Abolianin Arthur (BEL)"]
[Black "Blees Albert (NED)"]
[Result "0-1"]
[WhiteElo "2315"]
[BlackElo "2450"]

1.d4 Nf6 2.c4 g6 3.Nc3 d5 4.Nf3 Bg7 5.Bg5 dxc4 6.Qa4+ Bd7 7.Qxc4 O-O 8.Rd1 Na6
9.e4 b5 10.Qb3 c5 11.Be2 Qa5 12.O-O b4 13.e5 cxd4 14.Rxd4 bxc3 15.exf6 exf6
16.Rxd7 Nc5 17.Qd5 Rad8 18.b4 Rxd7 19.Qxd7 Nxd7 20.bxa5 fxg5 {#R} 0-1

[Event "Bayern Regionalliga Southeast"]
[Site "masterchessopen.com Germany"]
[Round "4"]
[White "Schnabel Hans"]
[Black "Gschwendtner Stanislav (CZE)"]
[Result "0-1"]
[WhiteElo "1935"]
[BlackElo "2011"]

1.d4 Nf6 2.c4 g6 3.Nc3 d5 4.Nf3 Bg7 5.Bg5 Ne4 6.cxd5 Nxg5 7.Nxg5 O-O 8.Nf3 c6
9.dxc6 Nxc6 10.e3 e5 11.d5 e4 12.dxc6 exf3 13.Qxd8 Rxd8 14.cxb7 Bxb7 15.gxf3
Bxf3 16.Rg1 Rab8 17.Rg3 Rxb2 18.Na4 Rxa2 19.Rc1 Rc2 20.Rb1 Bc6 21.Bb5 Rb8
22.Rg5 a6 23.Nc5 Bxb5 24.Nxa6 Re2+ {#R} 0-1

[Event "It (open)"]
[Site "masterchessopen.com Goch (Germany)"]
[Round "3"]
[White "Lelchuk Zoja (GER)"]
[Black "Czajka Detlev"]
[Result "1-0"]
[WhiteElo "2355"]
[BlackElo "1805"]

1.d4 Nf6 2.c4 g6 3.Nf3 Bg7 4.Nc3 d5 5.Bg5 Ne4 6.cxd5 Nxc3 7.bxc3 Qxd5 8.e3 Bg4
9.Be2 Nd7 10.Bh4 Qh5 11.Bg3 O-O 12.O-O c6 13.h3 Bxf3 14.Bxf3 Qa5 15.Qb3 Qa6
16.Rfb1 Nb6 17.a4 Qd3 18.a5 Nc4 19.Rd1 {#r} 1-0

[Event "Ch Hungary (team) 1997/98"]
[Site "masterchessopen.com Hungary"]
[Round "0"]
[White "Seres Lajos (HUN)"]
[Black "Mester Gyula (HUN)"]
[Result "0-1"]
[WhiteElo "2470"]
[BlackElo "2375"]

1.d4 Nf6 2.Nf3 g6 3.c4 Bg7 4.Nc3 d5 5.Bg5 Ne4 6.Bh4 Nxc3 7.bxc3 c5 8.e3 Nc6
9.cxd5 Qxd5 10.Be2 cxd4 11.cxd4 O-O 12.O-O b6 13.Rc1 Bb7 14.Bc4 Qd6 15.Bg3 Qa3
16.Bd5 Rac8 17.Ng5 Qa5 18.Qf3 Nxd4 19.Bxf7+ Kh8 20.Qxb7 Rxc1 21.Rxc1 Ne2+
22.Kf1 Nxc1 23.Qd5 Qc3 24.Be6 Nd3 25.f3 Qc1+ 26.Ke2 Qc2+ 27.Kf1 Qd1+ {#R} 0-1

[Event "It (open) (a)"]
[Site "masterchessopen.com Koszalin (Poland)"]
[Round "3"]
[White "Mazalon Mariusz (POL)"]
[Black "Sakalauskas Vaidas (LTU)"]
[Result "0-1"]
[WhiteElo "2023"]
[BlackElo "2375"]

1.d4 Nf6 2.c4 g6 3.Nc3 d5 4.Nf3 Bg7 5.Bg5 dxc4 6.e4 c5 7.d5 b5 8.d6 Bb7 9.e5
Ne4 10.Bxe7 Qa5 11.Be2 Nxc3 12.Qd2 Nc6 13.bxc3 Nxe7 14.dxe7 Qc7 15.O-O Qd7
16.a4 a6 17.Qb2 b4 18.cxb4 cxb4 19.Bxc4 Bxf3 20.gxf3 Bxe5 {#R} 0-1

[Event "It (open)"]
[Site "masterchessopen.com Decin (Czech Republic)"]
[Round "8"]
[White "Kamenets Anatolij (UKR)"]
[Black "Navara David (CZE)"]
[Result "0-1"]
[WhiteElo "2305"]
[BlackElo "2275"]

1.d4 Nf6 2.c4 g6 3.Nc3 d5 4.Nf3 Bg7 5.Bg5 Ne4 6.cxd5 Nxc3 7.bxc3 Qxd5 8.Qd2 c5
9.Bh6 Bxh6 10.Qxh6 cxd4 11.cxd4 Bg4 12.Qf4 Bxf3 13.gxf3 Nc6 14.Rd1 Rd8 15.e3
e5 16.Qh6 Qa5+ 17.Rd2 exd4 18.e4 Ne5 19.Qg7 Ke7 20.Kd1 Nxf3 21.Rd3 Qe1+ 22.Kc2
Rc8+ 23.Kb3 Qb1+ 24.Ka3 Rc2 25.Rb3 Qxa2+ 26.Kb4 {#R} 0-1

[Event "It (open)"]
[Site "masterchessopen.com Goch (Germany)"]
[Round "2"]
[White "Huss Rolf (GER)"]
[Black "Toel Karl-Ludwig (GER)"]
[Result "1-0"]
[WhiteElo "2163"]
[BlackElo "2058"]

1.d4 Nf6 2.c4 g6 3.Nc3 d5 4.Nf3 Bg7 5.Bg5 Ne4 6.cxd5 Nxg5 7.Nxg5 e6 8.Qd2 exd5
9.Qe3+ Kf8 10.g3 Nc6 11.Rd1 Nb4 12.Rd2 Bf5 13.Qf4 Bf6 14.h4 Qe7 15.a3 Nc2+
16.Kd1 Nxa3 17.e4 Bxg5 18.hxg5 dxe4 19.g4 Be6 20.d5 Bd7 21.bxa3 Qxa3 22.Rc2
Ba4 23.Nxa4 Qxa4 24.Qe5 Rg8 25.Rxh7 Re8 26.Rxf7+ {#r} 1-0

[Event "Ch Hungary (team) 1998/99"]
[Site "masterchessopen.com Hungary"]
[Round "0"]
[White "Halasz Tamas (HUN)"]
[Black "Flumbort Andras (HUN)"]
[Result "1-0"]
[WhiteElo "2385"]
[BlackElo "2245"]

1.d4 Nf6 2.Nf3 g6 3.c4 Bg7 4.Nc3 d5 5.Bg5 Ne4 6.cxd5 Nxg5 7.Nxg5 e6 8.Qd2 h6
9.Nh3 exd5 10.Qe3+ Kf8 11.Nf4 c5 12.dxc5 d4 13.Qd2 Na6 14.Nb5 Nxc5 15.e3 Qe7
16.Nd5 dxe3 17.fxe3 Qd8 18.O-O-O Be6 19.Ndc7 Qxd2+ 20.Rxd2 Rb8 21.b4 Ne4
22.Nxe6+ fxe6 23.Rc2 a6 24.Bd3 Nf6 25.Nd4 Kg8 26.Nxe6 Kh7 27.Nf4 {#r} 1-0

[Event "It (open)"]
[Site "masterchessopen.com Kilkenny (Ireland)"]
[Round "5"]
[White "Dempsey Paul (IRL)"]
[Black "Richards John (ENG)"]
[Result "1-0"]
[WhiteElo "2198"]
[BlackElo "2042"]

1.d4 Nf6 2.c4 g6 3.Nc3 d5 4.Nf3 Bg7 5.Bg5 Ne4 6.cxd5 Nxg5 7.Nxg5 e6 8.Qa4+ c6
9.dxc6 Nxc6 10.Nf3 Bxd4 11.O-O-O e5 12.e3 Bd7 13.exd4 Nxd4 14.Qa3 Nxf3 15.gxf3
Qg5+ 16.Kb1 O-O-O 17.Bd3 Kb8 18.Qd6+ Ka8 19.Nd5 {#r} 1-0

[Event "It (open) (b)"]
[Site "masterchessopen.com Koszalin (Poland)"]
[Round "10"]
[White "Jurkiewicz Katarzyna (POL)"]
[Black "Krasenkova Ilena (RUS)"]
[Result "0-1"]
[WhiteElo "2185"]
[BlackElo "2235"]

1.d4 Nf6 2.c4 g6 3.Nc3 d5 4.Nf3 Bg7 5.Bg5 Ne4 6.cxd5 Nxg5 7.Nxg5 e6 8.Qa4+ Bd7
9.Qb3 Qxg5 10.Qxb7 O-O 11.h4 Qe7 12.Qxa8 Qb4 13.O-O-O Nc6 14.a3 Qb3 15.Qxf8+
Bxf8 16.dxc6 Bxa3 17.Na4 Qc4+ 18.Kb1 Bxc6 19.Nc3 Qb3 20.Rd2 Bxb2 21.Rxb2 Qxc3
22.Rb8+ Kg7 23.f3 Bd5 24.Rb2 Bb3 {#R} 0-1

[Event "Ch Slovenia (team)"]
[Site "masterchessopen.com Radovljica (Slovenia)"]
[Round "4"]
[White "Rodman Franc (SLO)"]
[Black "Hribar Bojan (SLO)"]
[Result "1-0"]
[WhiteElo "2155"]
[BlackElo "2213"]

1.d4 Nf6 2.c4 g6 3.Nc3 d5 4.Nf3 Bg7 5.Bg5 Ne4 6.cxd5 Nxg5 7.Nxg5 e6 8.Qd2 exd5
9.Qe3+ Kf8 10.Qf4 Bf6 11.h4 Kg7 12.g4 h5 13.Nxf7 Kxf7 14.g5 c6 15.e4 dxe4
16.O-O-O Kg7 17.gxf6+ Qxf6 18.Qxf6+ Kxf6 19.Nxe4+ Kg7 20.Nd6 Bg4 21.Re1 Na6
22.Re7+ Kf6 23.Rxb7 Nb8 24.Bc4 Nd7 25.f3 Be6 26.Ne4+ Ke7 27.Bxe6 Kxe6 28.Ng5+
{#r} 1-0

[Event "Ch Sweden (master's group)"]
[Site "masterchessopen.com Ronneby (Sweden)"]
[Round "8"]
[White "Landgren Andreas (SWE)"]
[Black "Karlsson Tomas (SWE)"]
[Result "1-0"]
[WhiteElo "2172"]
[BlackElo "2235"]

1.d4 Nf6 2.c4 g6 3.Nc3 d5 4.Nf3 Bg7 5.Bg5 Ne4 6.cxd5 Nxg5 7.Nxg5 e6 8.Qa4+ Bd7
9.Qb3 Qxg5 10.Qxb7 Bxd4 11.Qxa8 O-O 12.e3 Bb6 13.Qb7 c6 14.d6 f5 15.g3 e5
16.Bc4+ Kh8 17.O-O-O Rd8 18.Na4 Qg4 19.Nxb6 axb6 20.f4 b5 21.Be6 Qe2 22.Rhe1
Qg2 23.Qc7 {#r} 1-0

[Event "Memorial M.Chigorin (open)"]
[Site "masterchessopen.com St. Petersburg (Russia)"]
[Round "1"]
[White "Loginov Anton (RUS)"]
[Black "Yandemirov Valeri (RUS)"]
[Result "0-1"]
[WhiteElo "2255"]
[BlackElo "2470"]

1.d4 Nf6 2.c4 g6 3.Nc3 d5 4.Nf3 Bg7 5.Bg5 Ne4 6.Bf4 Nxc3 7.bxc3 c5 8.e3 O-O
9.cxd5 Qxd5 10.Be2 cxd4 11.cxd4 Qa5+ 12.Qd2 Nc6 13.Qxa5 Nxa5 14.Rc1 Be6 15.e4
Rfc8 16.d5 Rxc1+ 17.Bxc1 Bd7 18.Bd2 Rc8 19.O-O Nc4 20.Bg5 e6 21.h3 exd5
22.exd5 Nb6 23.Bd1 Nxd5 24.Bb3 Nc3 25.Be3 a5 {#R} 0-1

[Event "Ch Sweden (team) 1998/99"]
[Site "masterchessopen.com Sweden"]
[Round "1"]
[White "Borvander Tom (SWE)"]
[Black "Eksmyr Johan (SWE)"]
[Result "0-1"]
[WhiteElo "2174"]
[BlackElo "2165"]

1.d4 Nf6 2.c4 g6 3.Nc3 d5 4.Nf3 Bg7 5.Bg5 Ne4 6.Bf4 Nxc3 7.bxc3 c5 8.Qd2 Nc6
9.Rd1 cxd4 10.cxd4 dxc4 11.e4 Bg4 12.Bxc4 Bxf3 13.gxf3 Qxd4 14.Qe2 Qc3+ 15.Bd2
Qa3 16.Be3 O-O 17.Kf1 Rfd8 18.Kg2 e6 19.Bg5 Rdc8 20.Rd3 Qc5 21.Be3 Qxc4 {#R}
0-1

[Event "Ch Great Britain"]
[Site "masterchessopen.com Torquay (England)"]
[Round "8"]
[White "Ward Christopher (ENG)"]
[Black "Sasikiran Krishnan (IND)"]
[Result "0-1"]
[WhiteElo "2505"]
[BlackElo "2470"]

1.d4 Nf6 2.c4 g6 3.Nc3 d5 4.Nf3 Bg7 5.Bg5 Ne4 6.cxd5 Nxg5 7.Nxg5 e6 8.Nf3 exd5
9.e3 O-O 10.b4 c6 11.Be2 Be6 12.O-O a6 13.Ne1 Nd7 14.Nd3 Qe7 15.Qb3 Nb6 16.a4
Nc4 17.Ra2 Bf5 18.Kh1 Rfe8 19.a5 Qg5 20.Nc5 Nxe3 21.fxe3 Rxe3 22.Rd2 Qh4
23.Rfd1 Bh6 24.Bf1 Bf4 25.g3 Rxg3 26.Qb2 Bg4 27.Rd3 Rf3 28.Qg2 Rf2 {#R} 0-1

[Event "Cup Yugoslavia (team)"]
[Site "masterchessopen.com Ulcinj (Yugoslavia)"]
[Round "7"]
[White "Ristic Nenad (SRB)"]
[Black "Vukanovic Sasa (SRB)"]
[Result "1-0"]
[WhiteElo "2380"]
[BlackElo "2375"]

1.d4 Nf6 2.Nf3 g6 3.c4 Bg7 4.Nc3 d5 5.Bg5 Ne4 6.Bh4 Nxc3 7.bxc3 dxc4 8.e3 c5
9.Bxc4 O-O 10.O-O Nc6 11.Rc1 Na5 12.Be2 cxd4 13.cxd4 b6 14.Ne5 Qd6 15.Bf3 Ba6
16.Bxa8 Bxf1 17.Nxf7 Kxf7 18.Kxf1 Qxh2 19.Bd5+ e6 20.Qf3+ Kg8 21.Bxe6+ Kh8
22.Qxf8+ {#r} 1-0

[Event "Tournament (team) (juniors) (under 18)"]
[Site "masterchessopen.com Apeldorn (Netherlands)"]
[Round "2"]
[White "Ribshtein Nati (ISR)"]
[Black "Bromberger Stefan (GER)"]
[Result "1-0"]
[WhiteElo "2349"]
[BlackElo "2279"]

1.d4 Nf6 2.Nf3 g6 3.c4 Bg7 4.Nc3 d5 5.Bg5 Ne4 6.Bh4 Nxc3 7.bxc3 dxc4 8.Qa4+
Qd7 9.Qxc4 b6 10.e3 Ba6 11.Qb3 Bxf1 12.Rxf1 O-O 13.Ke2 e5 14.dxe5 Qg4 15.h3
Qe4 16.Be7 Rc8 17.Ng5 Qxe5 18.Qxf7+ Kh8 19.f4 Qxc3 20.Rac1 Qb2+ 21.Kf3 Nd7
22.Qe6 Nf6 23.Nf7+ Kg8 24.Nh6+ Kh8 25.Qg8+ Rxg8 26.Nf7# 1-0

[Event "It (open) (active)"]
[Site "masterchessopen.com Aurec (France)"]
[Round "0"]
[White "Chatalbashev Boris (BUL)"]
[Black "Hamdouchi Hichem (FRA)"]
[Result "1-0"]
[WhiteElo "2524"]
[BlackElo "2520"]

1.d4 Nf6 2.c4 g6 3.Nc3 d5 4.Nf3 Bg7 5.Bg5 Ne4 6.cxd5 Nxg5 7.Nxg5 c6 8.dxc6
Nxc6 9.d5 Qa5 10.Qd2 Nb4 11.e4 O-O 12.Bc4 Bh6 13.O-O Na6 14.h4 b5 15.Bb3 Nc5
16.d6 e6 17.e5 b4 18.Nd1 Nxb3 19.axb3 Qxa1 20.Ne3 Qa5 21.Ng4 Bg7 22.Ne4 Bb7
23.Nef6+ Kh8 24.Qg5 h5 25.Nxh5 gxh5 26.Nf6 Bxf6 27.Qh6+ {#r} 1-0

[Event "Ch Denmark (team) 1999/00"]
[Site "masterchessopen.com Denmark"]
[Round "1"]
[White "Rath Ulrik (DEN)"]
[Black "Nikontovic Semir (SRB)"]
[Result "1-0"]
[WhiteElo "2370"]
[BlackElo "2300"]

1.d4 Nf6 2.Nf3 g6 3.c4 Bg7 4.Nc3 d5 5.Bg5 Ne4 6.Bh4 Nxc3 7.bxc3 c5 8.cxd5 Qxd5
9.e3 cxd4 10.cxd4 Nc6 11.Be2 Bf5 12.O-O O-O 13.Nd2 Rac8 14.Bf3 Qd8 15.Rc1 h6
16.Nb3 g5 17.Bg3 Qb6 18.Rc5 Bd7 19.h4 f5 20.hxg5 hxg5 21.Qb1 e6 22.Rfc1 Qd8
23.d5 exd5 24.Rxd5 Nb4 25.Rxc8 Qxc8 26.Rc5 Qe8 27.Nd4 Nc6 28.Nxf5 {#r} 1-0

[Event "Ch Colombia (1/2 final)"]
[Site "masterchessopen.com Duitama (Colombia)"]
[Round "3"]
[White "Gamboa Nelson (COL)"]
[Black "Prieto Ernesto (COL)"]
[Result "1-0"]
[WhiteElo "2340"]
[BlackElo "2175"]

1.Nf3 Nf6 2.d4 g6 3.c4 Bg7 4.Nc3 d5 5.Bg5 c6 6.e3 O-O 7.Bd3 Nbd7 8.O-O dxc4
9.Bxc4 c5 10.dxc5 Nxc5 11.Qe2 Be6 12.Rfd1 Qa5 13.a3 Bxc4 14.Qxc4 Ne6 15.h4
Rac8 16.Qb3 Nc5 17.Qb5 Qa6 18.Ne5 Qe6 19.Nd3 b6 20.Nf4 Qf5 21.Nfd5 Rfe8
22.Rac1 Nfe4 {#r} 1-0

[Event "It (open)"]
[Site "masterchessopen.com Edinburgh (Scotland)"]
[Round "1"]
[White "Cutmore Martin J (ENG)"]
[Black "Saxton Gavin (SCO)"]
[Result "1-0"]
[WhiteElo "2048"]
[BlackElo "1857"]

1.d4 Nf6 2.c4 g6 3.Nc3 d5 4.Nf3 Bg7 5.Bg5 Ne4 6.cxd5 Nxg5 7.Nxg5 e6 8.Qd2 exd5
9.Qe3+ Kf8 10.Qf4 Bf6 11.h4 c6 12.e4 Bxg5 13.hxg5 Be6 14.O-O-O Nd7 15.Bd3 f6
16.exd5 cxd5 17.Bxg6 Kg7 18.gxf6+ Qxf6 19.Qh6+ Kg8 20.Bxh7+ Kf7 21.Qh5+ Ke7
22.Rhe1 Kd6 23.Qg6 Qf4+ 24.Rd2 Nf8 25.Nb5+ Kc6 26.Rxe6+ Nxe6 27.Qxe6+ Kxb5
28.Bd3+ {#r} 1-0

[Event "It (open)"]
[Site "masterchessopen.com Eger (Hungary)"]
[Round "0"]
[White "Horvath Julia (HUN)"]
[Black "Bujdoso Bela (HUN)"]
[Result "1-0"]
[WhiteElo "2261"]
[BlackElo "2066"]

1.d4 Nf6 2.c4 g6 3.Nc3 d5 4.Nf3 Bg7 5.Bg5 Ne4 6.cxd5 Nxg5 7.Nxg5 e6 8.Qd2 exd5
9.Qe3+ Kf8 10.Qf4 Bf6 11.h4 c6 12.e4 h6 13.Nf3 dxe4 14.Nxe4 Kg7 15.Bc4 Re8
16.O-O-O Be6 17.Bxe6 Rxe6 18.g4 Na6 19.g5 Be7 20.gxh6+ Kg8 21.Nfg5 Bxg5
22.Nxg5 Rf6 23.Qe5 Qd6 24.Ne4 Qxe5 25.dxe5 Rf4 26.Nf6+ {#r} 1-0

[Event "It (open)"]
[Site "masterchessopen.com Finkenstein (Austria)"]
[Round "0"]
[White "Krizsany Laszlo (HUN)"]
[Black "Feichter Clemens (AUT)"]
[Result "1-0"]
[WhiteElo "2441"]
[BlackElo "2170"]

1.d4 Nf6 2.c4 g6 3.Nc3 d5 4.Nf3 Bg7 5.Bg5 Ne4 6.Bh4 Nxc3 7.bxc3 c5 8.cxd5 Qxd5
9.e3 cxd4 10.cxd4 Qa5+ 11.Qd2 Qxd2+ 12.Kxd2 Nc6 13.Rb1 b6 14.Bb5 Bd7 15.Rhc1
Na5 16.Rc7 Bxb5 17.Rxe7+ Kf8 18.Rxb5 g5 19.Bxg5 f6 20.Rc7 fxg5 21.Rf5+ Kg8
22.Rxg5 {#r} 1-0

[Event "Ch France (team) (2) 1999/00"]
[Site "masterchessopen.com France"]
[Round "4"]
[White "Salus Stephane (FRA)"]
[Black "Vincent Patrick (FRA)"]
[Result "0-1"]
[WhiteElo "2268"]
[BlackElo "2212"]

1.d4 Nf6 2.c4 g6 3.Nc3 d5 4.Nf3 Bg7 5.Bg5 dxc4 6.e4 c5 7.d5 b5 8.e5 b4 9.Nb5
a6 10.exf6 exf6 11.Qe2+ Kf8 12.Be3 axb5 13.Bxc5+ Kg8 14.g3 h6 15.Bg2 Na6
16.Be7 Qd7 17.O-O Bb7 18.Rad1 Kh7 19.h4 Rhe8 20.d6 Nc5 21.h5 Rxa2 22.Kh2 Nd3
23.Bh3 Qxd6 {#R} 0-1

[Event "Bundesliga (2nd) South 1998/99"]
[Site "masterchessopen.com Germany"]
[Round "0"]
[White "Lentrodt Thomas (GER)"]
[Black "Oral Tomas (CZE)"]
[Result "0-1"]
[WhiteElo "2282"]
[BlackElo "2541"]

1.d4 Nf6 2.Nf3 g6 3.c4 Bg7 4.Nc3 d5 5.Bg5 Ne4 6.cxd5 Nxg5 7.Nxg5 O-O 8.Nf3 c6
9.dxc6 Nxc6 10.e3 e5 11.d5 e4 12.Nd2 Bxc3 13.bxc3 Qxd5 14.Qa4 Bf5 15.Be2 Ne5
16.Rd1 Rfc8 17.O-O Qc6 18.Bb5 Qc5 19.Nxe4 Bxe4 20.Qxe4 Qxb5 21.Rd5 Rc5 22.c4
Nxc4 {#R} 0-1

[Event "Bundesliga (2nd) West 1998/99"]
[Site "masterchessopen.com Germany"]
[Round "0"]
[White "Illner Achim (GER)"]
[Black "Lytchak Alexander (GER)"]
[Result "0-1"]
[WhiteElo "2309"]
[BlackElo "2393"]

1.d4 Nf6 2.Nf3 g6 3.c4 Bg7 4.Nc3 d5 5.Bg5 Ne4 6.cxd5 Nxg5 7.Nxg5 e6 8.Nf3 exd5
9.e3 O-O 10.b4 Be6 11.Be2 Nd7 12.O-O c6 13.Rc1 a6 14.a4 Qe7 15.b5 cxb5 16.axb5
a5 17.Na4 Rfc8 18.Qd2 Qa3 19.Rxc8+ Rxc8 20.Qxa5 Rc2 21.Bd1 Rc1 22.Qd8+ Bf8
23.Nb6 Qa5 24.Ng5 Qxb6 25.Nxe6 Qxe6 {#R} 0-1

[Event "It (open)"]
[Site "masterchessopen.com Hamburg (Germany)"]
[Round "1"]
[White "Buck Lars (GER)"]
[Black "Winnicki Alice (GER)"]
[Result "1-0"]
[WhiteElo "2145"]
[BlackElo "2055"]

1.d4 Nf6 2.c4 g6 3.Nc3 d5 4.Nf3 Bg7 5.Bg5 O-O 6.Bxf6 Bxf6 7.cxd5 c5 8.dxc6
Nxc6 9.e3 a6 10.Be2 b5 11.O-O b4 12.Ne4 Bg7 13.Rc1 Qb6 14.Nc5 e6 15.Nd2 Ne7
16.Nc4 Qd8 17.Bf3 Ra7 18.Qa4 a5 19.Rfd1 Nf5 20.g3 Nd6 21.Ne5 Qe8 22.Bc6 Qe7
23.Bg2 Bxe5 24.dxe5 Nb7 25.Ne4 Bd7 26.Rxd7 {#r} 1-0

[Event "Ch Hungary (team) 1998/99 (2 liga)"]
[Site "masterchessopen.com Hungary"]
[Round "0"]
[White "Bagoly Janos (HUN)"]
[Black "Blasko Istvan (HUN)"]
[Result "0-1"]
[WhiteElo "2151"]
[BlackElo "2221"]

1.d4 Nf6 2.c4 g6 3.Nc3 d5 4.Nf3 Bg7 5.Bg5 Ne4 6.cxd5 Nxg5 7.Nxg5 e6 8.Qd2 h6
9.Nh3 exd5 10.Qe3+ Kf8 11.Nf4 c6 12.Qf3 Kg8 13.e3 Qe7 14.O-O-O Bf5 15.g4 Be4
16.Nxe4 dxe4 17.Qe2 Nd7 18.Qc4 Kh7 19.Kb1 Nb6 20.Qb3 Rac8 21.Bc4 Nxc4 22.Qxc4
c5 23.Nd5 Qd6 24.dxc5 Rxc5 25.Qxe4 Rb5 26.Nc3 Qa3 {#R} 0-1

[Event "Tournament"]
[Site "masterchessopen.com Las Tunas (Cuba)"]
[Round "0"]
[White "Perea Osmany (CUB)"]
[Black "Blanco Humberto (CUB)"]
[Result "1-0"]
[WhiteElo "2297"]
[BlackElo "2167"]

1.d4 Nf6 2.c4 g6 3.Nc3 d5 4.Nf3 Bg7 5.Bg5 Ne4 6.cxd5 Nxg5 7.Nxg5 c6 8.e3 cxd5
9.Qf3 Bf6 10.h4 e6 11.Qf4 Nd7 12.Rd1 O-O 13.Nf3 Bg7 14.h5 Nf6 15.hxg6 hxg6
16.g4 Qa5 17.Bd3 b5 18.Ne5 Bb7 19.g5 Nh5 20.Rxh5 gxh5 21.Nd7 Rfc8 22.Bh7+ Kxh7
23.Qxf7 Kh8 24.Qxh5+ {#r} 1-0

[Event "It (open)"]
[Site "masterchessopen.com Le Touquet (France)"]
[Round "1"]
[White "Sellos Didier (FRA)"]
[Black "Szylar Eric (FRA)"]
[Result "0-1"]
[WhiteElo "2372"]
[BlackElo "2125"]

1.d4 Nf6 2.c4 g6 3.Nf3 Bg7 4.Nc3 d5 5.Bg5 O-O 6.Bxf6 Bxf6 7.cxd5 c5 8.dxc5 Qa5
9.Qd2 Na6 10.e4 Nxc5 11.e5 Bg7 12.Rc1 Bg4 13.Qd4 Bf5 14.Bb5 Ne4 15.b4 Qa3
16.Ne2 Nd6 17.Bc4 Qxb4+ 18.Nd2 b5 19.g4 Nxc4 20.Rxc4 bxc4 21.gxf5 Rac8 22.Nc3
Qc5 23.Qe4 Qa3 24.Ndb1 Qc1+ 25.Ke2 gxf5 {#R} 0-1

[Event "Ch Moscow"]
[Site "masterchessopen.com Moscow (Russia)"]
[Round "3"]
[White "Novogrudsky Nikolay (RUS)"]
[Black "Kachar Vladimir (RUS)"]
[Result "0-1"]
[WhiteElo "2132"]
[BlackElo "2416"]

1.d4 Nf6 2.c4 g6 3.Nc3 d5 4.Nf3 Bg7 5.Bg5 Ne4 6.Bh4 Nxc3 7.bxc3 dxc4 8.e3 Be6
9.Qb1 b6 10.Be2 a6 11.a4 Nc6 12.O-O h6 13.Rd1 Na5 14.Nd2 Rc8 15.e4 O-O 16.Qc2
g5 17.Bg3 c6 18.Nxc4 Nxc4 {#R} 0-1

[Event "It (open)"]
[Site "masterchessopen.com Nachod (Czech Republic)"]
[Round "5"]
[White "Kopicka Karel (CZE)"]
[Black "Nemec Otakar (CZE)"]
[Result "1-0"]
[WhiteElo "2108"]
[BlackElo "1877"]

1.d4 Nf6 2.c4 g6 3.Nc3 d5 4.Nf3 Bg7 5.Bg5 Ne4 6.cxd5 Nxg5 7.Nxg5 e6 8.Qd2 exd5
9.Qe3+ Kf8 10.Qf4 Bf6 11.h4 Kg7 12.e4 h6 13.e5 Bxg5 14.hxg5 Be6 15.gxh6+ Kh7
16.O-O-O Nd7 17.Bd3 c6 18.g4 b5 19.Qg3 Qg5+ 20.f4 Qxg4 21.Qf2 b4 22.Na4 Nxe5
23.dxe5 Bd7 24.Nc5 Be8 25.e6 {#r} 1-0

[Event "It (open)"]
[Site "masterchessopen.com Naujac (France)"]
[Round "4"]
[White "Busu Corneliu (ROM)"]
[Black "Candea Gheorghe (ROM)"]
[Result "1-0"]
[WhiteElo "2230"]
[BlackElo "2310"]

1.d4 Nf6 2.c4 g6 3.Nc3 d5 4.Nf3 Bg7 5.Bg5 c6 6.e3 O-O 7.Bd3 Bg4 8.cxd5 Nxd5
9.h3 Bxf3 10.gxf3 Nxc3 11.bxc3 Qa5 12.Bxe7 Qxc3+ 13.Kf1 Re8 14.Bd6 Qa5 15.Qb3
b6 16.Rc1 Rc8 17.h4 Qh5 18.Ke2 b5 19.Rc5 {#r} 1-0

[Event "It"]
[Site "masterchessopen.com Newport (Wales)"]
[Round "2"]
[White "Crouch Colin S (ENG)"]
[Black "Beaumont Chris (ENG)"]
[Result "1-0"]
[WhiteElo "2423"]
[BlackElo "2295"]

1.d4 Nf6 2.c4 g6 3.Nc3 d5 4.Nf3 Bg7 5.Bg5 Ne4 6.cxd5 Nxg5 7.Nxg5 e6 8.Qd2 exd5
9.Qe3+ Kf8 10.Qf4 Qf6 11.Qxc7 Na6 12.Qg3 Nb4 13.Rc1 Bf5 14.e3 Rd8 15.Be2 Nd3+
16.Bxd3 Bxd3 17.Kd2 Ba6 18.Na4 Qf5 19.Rc7 Rd7 20.Rxd7 Qxd7 21.Nc5 {#r} 1-0

[Event "Memorial N.Aratovsky"]
[Site "masterchessopen.com Saratov (Russia)"]
[Round "3"]
[White "Loginov Anton (RUS)"]
[Black "Petukhov Dmitry (RUS)"]
[Result "1-0"]
[WhiteElo "2348"]
[BlackElo "2086"]

1.d4 Nf6 2.c4 g6 3.Nc3 d5 4.Nf3 Bg7 5.Bg5 Ne4 6.Bf4 Nxc3 7.bxc3 dxc4 8.e4 b5
9.Be2 O-O 10.O-O Nd7 11.a4 c6 12.Qc1 Re8 13.Rd1 Nb6 14.Ne5 Bd7 15.a5 Nc8 16.d5
cxd5 17.Rxd5 Bxe5 18.Bxe5 Nd6 19.Qf4 Bc6 20.Rd4 Rc8 21.Bg4 Rc7 22.Bxd6 {#r}
1-0

[Event "It (open)"]
[Site "masterchessopen.com Schwabisch Gmund (Germany)"]
[Round "3"]
[White "Arbakov Valentin (RUS)"]
[Black "Bauer Manfred (GER)"]
[Result "1-0"]
[WhiteElo "2483"]
[BlackElo "2246"]

1.c4 Nf6 2.d4 g6 3.Nc3 d5 4.Nf3 Bg7 5.Bg5 Ne4 6.Bh4 Nxc3 7.bxc3 c5 8.cxd5 Qxd5
9.e3 Nc6 10.Be2 O-O 11.O-O cxd4 12.cxd4 a6 13.Nd2 Qd8 14.Bf3 Bd7 15.Rb1 Ra7
16.Qc1 Re8 17.Qc5 Qa5 18.Nb3 Qxc5 19.Nxc5 Bc8 20.Rfc1 Na5 21.a4 e5 22.d5 Bf8
23.Ne4 {#r} 1-0

[Event "It (open) (b)"]
[Site "masterchessopen.com Zurich (Switzerland)"]
[Round "7"]
[White "Roelli Corinne (SUI)"]
[Black "Widmer Simon (SUI)"]
[Result "1-0"]
[WhiteElo "1959"]
[BlackElo "2234"]

1.d4 Nf6 2.c4 g6 3.Nc3 d5 4.Nf3 Bg7 5.Bg5 Ne4 6.Bf4 Nxc3 7.bxc3 c5 8.e3 O-O
9.cxd5 Qxd5 10.Be2 cxd4 11.cxd4 Nc6 12.O-O Rd8 13.Qa4 Bd7 14.Qa3 Rac8 15.Rac1
Qa5 16.Qxa5 Nxa5 17.Bc7 Rxc7 18.Rxc7 Bc6 19.Rc1 e6 20.Rc5 Rd5 21.Rxd5 Bxd5
22.Rc8+ Bf8 23.Ne5 Kg7 24.Rc7 Bxa2 25.Nxf7 Kf6 26.Nd8 Bd5 27.Rf7+ {#r} 1-0

[Event "Ch Belgium (open)"]
[Site "masterchessopen.com Belgium"]
[Round "7"]
[White "Versporten Wim (BEL)"]
[Black "Deman Stefaan (BEL)"]
[Result "0-1"]
[WhiteElo "2068"]
[BlackElo "2146"]

1.d4 Nf6 2.c4 g6 3.Nc3 d5 4.Nf3 Bg7 5.Bg5 Ne4 6.Bf4 Nxc3 7.bxc3 O-O 8.e3 c5
9.Qb3 cxd4 10.exd4 Nc6 11.cxd5 Na5 12.Qb5 Bd7 13.Qb4 Bg4 14.c4 Bxf3 15.gxf3
Bxd4 16.Rc1 b6 17.Bh3 e5 18.Qd2 Qh4 19.Bg4 exf4 20.Qxd4 f5 21.Qxf4 fxg4
22.Qxg4 Rae8+ 23.Kf1 Qxg4 24.fxg4 Re4 25.c5 bxc5 26.Rxc5 Nc4 27.h3 Nd2+ 28.Kg2
Re2 {#R} 0-1

[Event "It (open)"]
[Site "masterchessopen.com Bern (Switzerland)"]
[Round "2"]
[White "Siebrecht Sebastian (GER)"]
[Black "Sudan Georges (SUI)"]
[Result "1-0"]
[WhiteElo "2376"]
[BlackElo "2086"]

1.d4 Nf6 2.Nf3 g6 3.c4 Bg7 4.Nc3 d5 5.Bg5 Ne4 6.Bh4 Nxc3 7.bxc3 c5 8.e3 Nc6
9.Be2 cxd4 10.cxd4 Qa5+ 11.Nd2 e5 12.cxd5 Qxd5 13.Bf3 Qa5 14.d5 e4 15.Bxe4
Bxa1 16.Qxa1 O-O 17.dxc6 bxc6 18.Bxc6 Rb8 19.Be7 Ba6 20.Bxf8 Rxf8 21.Qb2 Rd8
22.a4 h5 23.Bb5 Bxb5 24.axb5 Rd5 25.Ke2 Rxb5 26.Ra1 Qb6 27.Qd4 {#r} 1-0